Normal view MARC view

Entry Personal Name

Number of records used in: 1

001 - CONTROL NUMBER

  • control field: 58779

003 - CONTROL NUMBER IDENTIFIER

  • control field: dpl

005 - DATE AND TIME OF LATEST TRANSACTION

  • control field: 20231116141151.0

008 - FIXED-LENGTH DATA ELEMENTS

  • fixed length control field: 231116|| aca||aabn | a|a d

040 ## - CATALOGING SOURCE

  • Original cataloging agency: dpl
  • Transcribing agency: dpl

100 ## - HEADING--PERSONAL NAME

  • Personal name: Wadva,Satjit

670 ## - SOURCE DATA FOUND

  • Source citation: Work cat.: (dpl)104464: Wadva,Satjit, Understanding the spiritual dialogues Sidha Gosti/, 2016

© Delhi Public Library
Hit Counter
free hit counter